| 000 | 00638nam a2200181 a 4500 | ||
|---|---|---|---|
| 005 | 20140412111303.0 | ||
| 008 | 030410s19uu xx 00 eng d | ||
| 020 | _a1-55782-098-8 | ||
| 050 |
_aER _bNe32 1989 |
||
| 100 | _aSandford, John | ||
| 245 |
_aNellie Lou's hairdos / _cJohn Sandford. |
||
| 260 |
_aNew York : _bWarner Juvenile Books, _c1989. |
||
| 300 | _a1 v. (unp.) ; ill. | ||
| 520 | _aNellie Lou, minding the hair shop in her mother's absence, works hard to create a satisfactory hairstyle for Miss Gump, who can never up her mind. | ||
| 650 | _aHairsytles-- Fiction | ||
| 650 | _aHairdressing--Fiction | ||
| 999 |
_c103540 _d103540 |
||